Statistiques concernant Qu'est-ce que c'est? 1

Cliquez ici pour prendre le quiz!

Statistiques générales

  • Ce quiz a été pris 14 fois
  • Le résultat moyen est 9 sur 20

Statistiques - réponses

Réponse% Correct
Chat
92%
Château
77%
Grenouille
77%
Pikachu
77%
Flûte
69%
Avion
54%
Drapeau
54%
Globe
54%
Phare
54%
Mouette
46%
Docteur
38%
Falaise
38%
Pelle
38%
Ventilateur
38%
marteau
31%
Note de Musique
31%
Sapin
31%
Kangarou
23%
Boisson Gazeuse
8%
Garde de sécurité
0%

Distribution des résultats

Percentile par nombre de réponses

% des personnes avec chaque résultat

Votre développement - résultats

Vous n’avez pas pris ce quiz